00355nam a2200097Ia 4500008004100000020001800041100002600059245011800085260004000203300001400243171205s9999 xx 000 0 und d a9789715427432 aTolentino, Rolando B. cRolando b. Tolentino, Patrick F. Campos, Randy Jay C. Solis, Choy S. PangilinanaCommunication and Media Theories bUniversity of the Philippinesc2014 a547 pages